Participation tools for better land-use planning : techniques & case studies /

Bibliographic Details
Main Author: Moore, C. Nicholas
Corporate Author: Center for Livable Communities
Other Authors: Davis, Dave, Corbett, Judy, Sprowls, Sharon
Format: Book
Language:English
Published: Sacramento, Calif. : Center for Livable Communities, [1997]
Edition:2nd ed.
Subjects:

MARC

Tag First Indicator Second Indicator Subfields
LEADER 00000cam a2200000 a 4500
001 in00001403830
005 20151020053200.0
008 970825e199706 caua 000 0 eng d
035 |a (OCoLC)37521875 
035 |9 AHM7306AM 
040 |a GAT  |c GAT  |d TXA  |d UtOrBLW 
049 |a TXAM 
090 |a HD108.6  |b .M66 1997 
100 1 |a Moore, C. Nicholas. 
245 1 0 |a Participation tools for better land-use planning :  |b techniques & case studies /  |c written by C. Nicholas Moore and Dave Davis ; edited by Judy Corbett and Sharon Sprowls. 
250 |a 2nd ed. 
264 1 |a Sacramento, Calif. :  |b Center for Livable Communities,  |c [1997] 
264 4 |c ©1997 
300 |a 43 pages :  |b illustrations ;  |c 28 cm. 
336 |a text  |b txt  |2 rdacontent 
337 |a unmediated  |b n  |2 rdamedia 
338 |a volume  |b nc  |2 rdacarrier 
500 |a Prepared by the Center for Livable Communities. 
500 |a "June 1997." 
500 |a Errata slip inserted. 
650 0 |a Sustainable development. 
650 0 |a Land use  |x Planning. 
650 0 |a Community development. 
700 1 |a Davis, Dave. 
700 1 |a Corbett, Judy. 
700 1 |a Sprowls, Sharon. 
710 2 |a Center for Livable Communities. 
948 |a c:jlg 
999 |a MARS 
999 f f |s 57bdb99e-1d64-30e2-8009-dbb41d425529  |i a0d73567-d96b-306c-9a0c-7c4c61410408  |t 0 
952 f f |p ric  |a Texas A&M University  |b Rellis Campus  |c Joint Library Facility  |d Remote Storage  |t 0  |e HD108.6 .M66 1997  |h Library of Congress classification  |i unmediated -- volume  |m A14822539357 
998 f f |a HD108.6 .M66 1997  |t 0  |l Remote Storage